[Event "Icelandic Team-ch Premier 2021-22"]
[Site "Reykjavik"]
[Date "2022.03.06"]
[Round "10.18"]
[White "Steingrimsson, Hedinn"]
[Black "Kjartansson, Gudmundur"]
[Result "1-0"]
[WhiteElo "2535"]
[BlackElo "2450"]
[Annotator "ChessBase"]
[PlyCount "95"]
[EventDate "2022.03.05"]
[EventType "team-tourn"]
[EventCountry "ISL"]
[SourceTitle "playchess.com"]
[Source "ChessBase"]
[SourceQuality "1"]
[TimeControl "5400+30"]

1. d4 {[%emt 0:00:19]} Nf6 {[%emt 0:00:13]} 2. c4 {[%emt 0:00:27]} e6 {[%emt 0:00:07]} 3. Nc3 {[%emt 0:00:44]} Bb4 {[%emt 0:00:18]} 4. e3 {[%emt 0:05:23]} O-O {[%emt 0:00:12]} 5. Nge2 {[%emt 0:00:02]} c6 {[%emt 0:02:29]} 6. a3 {[%emt 0:01:39]} Ba5 {[%emt 0:00:06]} 7. b4 {[%emt 0:03:00]} Bc7 {[%emt 0:00:05]} 8. Bb2 {[%emt 0:05:35]} d5 {[%emt 0:01:35]} 9. Ng3 {[%emt 0:03:34]} Re8 {[%emt 0:03:03]} 10. Be2 {[%emt 0:05:00]} Nbd7 {[%emt 0:07:56]} 11. O-O {[%emt 0:02:28]} dxc4 {[%emt 0:01:22]} 12. Bxc4 {[%emt 0:00:04]} Nb6 {[%emt 0:00:24]} 13. Bd3 {[%emt 0:17:29]} e5 {[%emt 0:01:42]} 14. dxe5 {[%emt 0:08:51]} Bxe5 {[%emt 0:00:28]} 15. Qe2 {[%emt 0:03:37]} Nbd5 {[%emt 0:29:33]} 16. Nxd5 {[%emt 0:03:02]} Bxb2 {[%emt 0:02:19]} 17. Qxb2 {[%emt 0:00:09]} Nxd5 {[%emt 0:02:45]} 18. Rad1 {[%emt 0:02:38]} Qf6 {[%emt 0:01:30]} 19. Qc2 {[%emt 0:07:35]} h6 {[%emt 0:01:24]} 20. Rfe1 {[%emt 0:05:14]} Bg4 {[%emt 0:07:47]} 21. Rd2 {[%emt 0:02:36]} Rad8 {[%emt 0:01:22]} 22. h3 {[%emt 0:02:04]} Bc8 {[%emt 0:03:20]} 23. Red1 {[%emt 0:01:12]} a6 {[%emt 0:02:44]} 24. Bf1 {[%emt 0:03:21]} Qe7 {[%emt 0:03:14]} 25. Rd4 {[%emt 0:00:38]} Nf6 {[%emt 0:02:11]} 26. Nf5 {[%emt 0:01:50]} Bxf5 {[%emt 0:00:18]} 27. Qxf5 {[%emt 0:00:03]} Rxd4 {[%emt 0:01:37]} 28. Rxd4 {[%emt 0:00:02]} Rd8 {[%emt 0:00:33]} 29. Rxd8+ {[%emt 0:01:58]} Qxd8 {[%emt 0:00:53]} 30. Bc4 {[%emt 0:00:07]} Qe7 {[%emt 0:09:19]} 31. Kf1 {[%emt 0:04:50]} g6 {[%emt 0:00:54]} 32. Qxg6+ {[%emt 0:00:53]} Kf8 {[%emt 0:00:18]} 33. Qxh6+ {[%emt 0:00:13]} Ke8 {[%emt 0:00:41]} 34. Qh8+ {[%emt 0:02:36]} Kd7 {[%emt 0:00:04]} 35. Qb8 {[%emt 0:00:40]} Qe4 {[%emt 0:00:16]} 36. Qxb7+ {[%emt 0:00:04]} Kd6 {[%emt 0:00:40]} 37. Qb8+ {[%emt 0:00:07]} Ke7 {[%emt 0:00:43]} 38. Ba2 {[%emt 0:03:14]} Qc2 {[%emt 0:01:29]} 39. Qe5+ {[%emt 0:01:53]} Kf8 {[%emt 0:00:06]} 40. Qc5+ {[%emt 0:01:27]} Qxc5 {[%emt 0:00:02]} 41. bxc5 {[%emt 0:00:02]} Ne4 {[%emt 0:00:06]} 42. f3 {[%emt 0:02:23]} Nxc5 {[%emt 0:00:03]} 43. Ke2 {[%emt 0:00:11]} Ke7 {[%emt 0:00:27]} 44. g4 {[%emt 0:00:23]} Nb7 {[%emt 0:00:33]} 45. Kd3 {[%emt 0:00:22]} Nd6 {[%emt 0:00:11]} 46. Bc4 {[%emt 0:00:20]} a5 {[%emt 0:00:04]} 47. Kd4 {[%emt 0:00:08]} Kd7 {[%emt 0:02:23]} 48. h4 {[%emt 0:00:23]} 1-0

[Event "Icelandic Team-ch Premier 2021-22"]
[Site "Reykjavik"]
[Date "2022.03.06"]
[Round "10.19"]
[White "Gretarsson, Helgi Ass"]
[Black "Ris, Robert"]
[Result "1-0"]
[WhiteElo "2467"]
[BlackElo "2468"]
[Annotator "ChessBase"]
[PlyCount "79"]
[EventDate "2022.03.05"]
[EventType "team-tourn"]
[EventCountry "ISL"]
[SourceTitle "playchess.com"]
[Source "ChessBase"]
[SourceQuality "1"]
[TimeControl "5400+30"]

1. b3 {[%emt 0:00:05]} e5 {[%emt 0:01:01]} 2. Bb2 {[%emt 0:00:04]} Nc6 {[%emt 0:00:27]} 3. e3 {[%emt 0:00:08]} g6 {[%emt 0:00:37]} 4. f4 {[%emt 0:24:32]} Bg7 {[%emt 0:01:44]} 5. Nf3 {[%emt 0:01:39]} d6 {[%emt 0:02:31]} 6. Bb5 {[%emt 0:00:16]} Nge7 {[%emt 0:01:02]} 7. fxe5 {[%emt 0:16:51]} O-O {[%emt 0:01:33]} 8. O-O {[%emt 0:16:43]} Nxe5 {[%emt 0:26:44]} 9. Qc1 {[%emt 0:00:46]} a6 {[%emt 0:05:04]} 10. Be2 {[%emt 0:00:05]} N7c6 {[%emt 0:02:56]} 11. Nc3 {[%emt 0:05:11]} d5 {[%emt 0:01:45]} 12. Nd1 {[%emt 0:00:21]} Nxf3+ {[%emt 0:06:59]} 13. Bxf3 {[%emt 0:00:21]} Ne5 {[%emt 0:00:16]} 14. Be2 {[%emt 0:02:57]} b6 {[%emt 0:07:05]} 15. Nf2 {[%emt 0:01:28]} Bb7 {[%emt 0:04:03]} 16. Kh1 {[%emt 0:08:55]} f5 {[%emt 0:02:52]} 17. Nh3 {[%emt 0:02:53]} Qd7 {[%emt 0:02:10]} 18. a4 {[%emt 0:01:03]} Rfe8 {[%emt 0:04:30]} 19. Nf4 {[%emt 0:00:37]} Rad8 {[%emt 0:06:53]} 20. Rf2 {[%emt 0:02:29]} Qd6 {[%emt 0:02:20]} 21. a5 {[%emt 0:05:55]} b5 {[%emt 0:01:05]} 22. b4 {[%emt 0:00:23]} d4 {[%emt 0:08:31]} 23. exd4 {[%emt 0:01:46]} Ng4 {[%emt 0:01:57]} 24. Bxg4 {[%emt 0:00:02]} Bxd4 {[%emt 0:00:11]} 25. Bxd4 {[%emt 0:02:26]} Qxd4 {[%emt 0:00:15]} 26. Qf1 {[%emt 0:00:16]} fxg4 {[%emt 0:00:59]} 27. c3 {[%emt 0:00:03]} Qe4 {[%emt 0:03:47]} 28. Kg1 {[%emt 0:00:26]} Qc6 {[%emt 0:01:26]} 29. Rc1 {[%emt 0:00:19]} Re4 {[%emt 0:00:36]} 30. Re1 {[%emt 0:01:28]} Rf8 {[%emt 0:01:19]} 31. Rxe4 {[%emt 0:01:07]} Qxe4 {[%emt 0:00:07]} 32. Nd3 {[%emt 0:00:06]} Rxf2 {[%emt 0:00:49]} 33. Nxf2 {[%emt 0:00:03]} Qd5 {[%emt 0:01:04]} 34. Nd3 {[%emt 0:01:47]} Bc6 {[%emt 0:01:51]} 35. Qe2 {[%emt 0:00:10]} Qc4 {[%emt 0:00:42]} 36. Qe3 {[%emt 0:00:12]} Qb3 {[%emt 0:00:41]} 37. Nc5 {[%emt 0:00:52]} Qb1+ {[%emt 0:00:34]} 38. Kf2 {[%emt 0:00:03]} Qf5+ {[%emt 0:00:23]} 39. Kg3 {[%emt 0:00:06]} Bd5 {[%emt 0:00:39]} 40. Qf4 {[%emt 0:01:30]} 1-0

[Event "Icelandic Team-ch Premier 2021-22"]
[Site "Reykjavik"]
[Date "2022.03.06"]
[Round "10.20"]
[White "Ragnarsson, Dagur"]
[Black "Petursson, Margeir"]
[Result "1/2-1/2"]
[WhiteElo "2351"]
[BlackElo "2447"]
[Annotator "ChessBase"]
[PlyCount "124"]
[EventDate "2022.03.05"]
[EventType "team-tourn"]
[EventCountry "ISL"]
[SourceTitle "playchess.com"]
[Source "ChessBase"]
[SourceQuality "1"]
[TimeControl "5400+30"]

1. d4 {[%emt 0:00:07]} Nf6 {[%emt 0:00:05]} 2. c4 {[%emt 0:00:06]} e6 {[%emt 0:00:05]} 3. Nc3 {[%emt 0:00:11]} Bb4 {[%emt 0:00:04]} 4. Qc2 {[%emt 0:00:06]} d5 {[%emt 0:00:06]} 5. cxd5 {[%emt 0:00:42]} Qxd5 {[%emt 0:00:11]} 6. e3 {[%emt 0:00:09]} c5 {[%emt 0:04:27]} 7. Bd2 {[%emt 0:00:07]} Bxc3 {[%emt 0:01:27]} 8. Bxc3 {[%emt 0:00:07]} cxd4 {[%emt 0:03:07]} 9. Bxd4 {[%emt 0:00:38]} Nc6 {[%emt 0:00:31]} 10. Bc3 {[%emt 0:00:09]} O-O {[%emt 0:01:28]} 11. Nf3 {[%emt 0:00:10]} Qc5 {[%emt 0:05:20]} 12. a3 {[%emt 0:00:26]} Nd5 {[%emt 0:03:54]} 13. Bd3 {[%emt 0:00:04]} f5 {[%emt 0:05:50]} 14. Rc1 {[%emt 0:31:10]} Nxc3 {[%emt 0:02:49]} 15. Qxc3 {[%emt 0:00:51]} Qxc3+ {[%emt 0:00:44]} 16. Rxc3 {[%emt 0:00:04]} Bd7 {[%emt 0:00:29]} 17. O-O {[%emt 0:08:10]} a6 {[%emt 0:05:53]} 18. h4 {[%emt 0:04:29]} Kf7 {[%emt 0:03:54]} 19. Rd1 {[%emt 0:05:51]} Rad8 {[%emt 0:05:03]} 20. e4 {[%emt 0:02:33]} h6 {[%emt 0:09:33]} 21. h5 {[%emt 0:06:52]} Kf6 {[%emt 0:03:43]} 22. Be2 {[%emt 0:04:03]} fxe4 {[%emt 0:08:12]} 23. Nd2 {[%emt 0:00:22]} Ke7 {[%emt 0:03:37]} 24. Nxe4 {[%emt 0:01:42]} e5 {[%emt 0:01:05]} 25. Rg3 {[%emt 0:01:05]} Rf7 {[%emt 0:05:17]} 26. Re1 {[%emt 0:07:45]} Nd4 {[%emt 0:03:37]} 27. Nc5 {[%emt 0:00:54]} Nf5 {[%emt 0:05:24]} 28. Rg6 {[%emt 0:07:29]} Rf6 {[%emt 0:03:06]} 29. Bg4 {[%emt 0:02:56]} Rxg6 {[%emt 0:01:16]} 30. hxg6 {[%emt 0:00:05]} Bc8 {[%emt 0:00:12]} 31. f4 {[%emt 0:04:18]} Kf6 {[%emt 0:01:38]} 32. Rxe5 {[%emt 0:00:29]} Nd4 {[%emt 0:03:37]} 33. Bh5 {[%emt 0:04:04]} Bf5 {[%emt 0:00:17]} 34. Nxb7 {[%emt 0:00:03]} Rb8 {[%emt 0:01:02]} 35. Nd6 {[%emt 0:00:08]} Bxg6 {[%emt 0:00:18]} 36. Bxg6 {[%emt 0:00:06]} Kxg6 {[%emt 0:00:09]} 37. b4 {[%emt 0:02:30]} Rd8 {[%emt 0:01:04]} 38. f5+ {[%emt 0:02:23]} Kf6 {[%emt 0:04:13]} 39. Rd5 {[%emt 0:00:19]} Nc2 {[%emt 0:00:31]} 40. Ne4+ {[%emt 0:01:06]} Ke7 {[%emt 0:00:05]} 41. Re5+ {[%emt 0:02:49]} Kf7 {[%emt 0:00:35]} 42. Re6 {[%emt 0:00:06]} Nxa3 {[%emt 0:00:46]} 43. Rxa6 {[%emt 0:00:09]} Nb5 {[%emt 0:00:25]} 44. Rb6 {[%emt 0:00:23]} Rd4 {[%emt 0:01:31]} 45. Rb7+ {[%emt 0:00:26]} Kg8 {[%emt 0:00:47]} 46. Nc5 {[%emt 0:00:53]} Nd6 {[%emt 0:01:25]} 47. Rxg7+ {[%emt 0:00:03]} Kxg7 {[%emt 0:00:40]} 48. Ne6+ {[%emt 0:00:05]} Kf6 {[%emt 0:00:04]} 49. Nxd4 {[%emt 0:00:10]} Ke5 {[%emt 0:00:10]} 50. Nc6+ {[%emt 0:02:48]} Kxf5 {[%emt 0:00:29]} 51. Kf2 {[%emt 0:00:09]} Ke4 {[%emt 0:00:36]} 52. Kg3 {[%emt 0:00:06]} Kd3 {[%emt 0:01:30]} 53. Kf4 {[%emt 0:02:25]} Kc4 {[%emt 0:00:37]} 54. Ke5 {[%emt 0:00:13]} Nb5 {[%emt 0:01:49]} 55. g4 {[%emt 0:00:20]} Nc3 {[%emt 0:00:32]} 56. Nd4 {[%emt 0:00:44]} Nd1 {[%emt 0:01:37]} 57. b5 {[%emt 0:00:04]} Kc5 {[%emt 0:00:03]} 58. Ke4 {[%emt 0:01:54]} Nf2+ {[%emt 0:00:37]} 59. Kf3 {[%emt 0:00:09]} Nd3 {[%emt 0:00:27]} 60. Nf5 {[%emt 0:00:49]} Ne5+ {[%emt 0:00:13]} 61. Kf4 {[%emt 0:00:03]} Nxg4 {[%emt 0:00:11]} 62. Nxh6 {[%emt 0:00:04]} Nxh6 {[%emt 0:00:09]} 1/2-1/2

[Event "Icelandic Team-ch Premier 2021-22"]
[Site "Reykjavik"]
[Date "2022.03.06"]
[Round "10.21"]
[White "Thorhallsson, Throstur"]
[Black "Bjornsson, Sigurbjorn"]
[Result "1/2-1/2"]
[WhiteElo "2414"]
[BlackElo "2315"]
[Annotator "NA"]
[PlyCount "48"]
[EventDate "2022.03.05"]
[EventType "team-tourn"]
[EventCountry "ISL"]
[SourceTitle "playchess.com"]
[Source "ChessBase"]
[SourceQuality "1"]
[TimeControl "5400+30"]

1. e4 {[%emt 0:00:06]} c5 {[%emt 0:00:07]} 2. Nf3 {[%emt 0:00:23]} d6 {[%emt 0:00:13]} 3. Bb5+ {[%emt 0:01:00]} Nd7 {[%emt 0:00:07]} 4. c3 {[%emt 0:02:47]} a6 {[%emt 0:00:17]} 5. Ba4 {[%emt 0:00:58]} Ngf6 {[%emt 0:00:10]} 6. Bc2 {[%emt 0:00:49]} g6 {[%emt 0:00:06]} 7. O-O {[%emt 0:00:26]} Bg7 {[%emt 0:00:04]} 8. d4 {[%emt 0:00:39]} cxd4 {[%emt 0:00:41]} 9. cxd4 {[%emt 0:00:37]} O-O {[%emt 0:00:24]} 10. Re1 {[%emt 0:01:50]} e5 {[%emt 0:01:15]} 11. Nc3 {[%emt 0:05:09]} exd4 {[%emt 0:00:57]} 12. Nxd4 {[%emt 0:03:44]} Re8 {[%emt 0:00:41]} 13. Nf3 {[%emt 0:09:23]} Qc7 {[%emt 0:14:22]} 14. Bg5 {[%emt 0:07:20]} b5 {[%emt 0:03:01]} 15. Rc1 {[%emt 0:03:45]} h6 {[%emt 0:05:39]} 16. Bh4 {[%emt 0:03:06]} Bb7 {[%emt 0:01:42]} 17. Bb1 {[%emt 0:03:33]} Qb6 {[%emt 0:01:39]} 18. Qd2 {[%emt 0:04:38]} Rad8 {[%emt 0:10:05]} 19. Rcd1 {[%emt 0:04:24]} Ne5 {[%emt 0:06:49]} 20. Nxe5 {[%emt 0:13:19]} dxe5 {[%emt 0:01:39]} 21. Nd5 {[%emt 0:03:12]} Bxd5 {[%emt 0:02:03]} 22. Bxf6 {[%emt 0:00:16]} Bxf6 {[%emt 0:00:51]} 23. exd5 {[%emt 0:00:07]} Kg7 {[%emt 0:01:42]} 24. a3 {[%emt 0:02:31]} Bg5 {[%emt 0:02:12]} 1/2-1/2

[Event "Icelandic Team-ch Premier 2021-22"]
[Site "Reykjavik"]
[Date "2022.03.06"]
[Round "10.22"]
[White "Heimisson, Hilmir Freyr"]
[Black "Thorsteins, Karl"]
[Result "1/2-1/2"]
[WhiteElo "2312"]
[BlackElo "2403"]
[Annotator "ChessBase"]
[PlyCount "115"]
[EventDate "2022.03.05"]
[EventType "team-tourn"]
[EventCountry "ISL"]
[SourceTitle "playchess.com"]
[Source "ChessBase"]
[SourceQuality "1"]
[TimeControl "5400+30"]

1. d4 {[%emt 0:00:58]} g6 {[%emt 0:00:17]} 2. c4 {[%emt 0:01:14]} Bg7 {[%emt 0:00:07]} 3. Nf3 {[%emt 0:00:29]} c6 {[%emt 0:03:32]} 4. Nc3 {[%emt 0:03:53]} d5 {[%emt 0:01:42]} 5. cxd5 {[%emt 0:00:14]} cxd5 {[%emt 0:00:06]} 6. Bf4 {[%emt 0:00:48]} Nf6 {[%emt 0:02:27]} 7. e3 {[%emt 0:00:14]} O-O {[%emt 0:00:14]} 8. Be2 {[%emt 0:00:27]} Nc6 {[%emt 0:02:34]} 9. h3 {[%emt 0:02:01]} Bf5 {[%emt 0:11:35]} 10. Rc1 {[%emt 0:19:38]} Rc8 {[%emt 0:11:21]} 11. O-O {[%emt 0:04:34]} Re8 {[%emt 0:14:49]} 12. Ne5 {[%emt 0:14:37]} a6 {[%emt 0:02:10]} 13. g4 {[%emt 0:07:50]} Be6 {[%emt 0:04:48]} 14. Qb3 {[%emt 0:05:04]} b5 {[%emt 0:23:22]} 15. a4 {[%emt 0:03:05]} Nxe5 {[%emt 0:01:47]} 16. Bxe5 {[%emt 0:04:12]} Ne4 {[%emt 0:00:45]} 17. Bxg7 {[%emt 0:10:10]} Kxg7 {[%emt 0:00:42]} 18. Nxe4 {[%emt 0:01:03]} dxe4 {[%emt 0:00:25]} 19. Qb4 {[%emt 0:00:42]} Rb8 {[%emt 0:04:32]} 20. axb5 {[%emt 0:09:19]} axb5 {[%emt 0:00:40]} 21. Rc5 {[%emt 0:00:24]} Bc4 {[%emt 0:02:25]} 22. Bxc4 {[%emt 0:02:19]} bxc4 {[%emt 0:00:05]} 23. Qxc4 {[%emt 0:00:06]} Rxb2 {[%emt 0:00:15]} 24. d5 {[%emt 0:00:47]} Qd6 {[%emt 0:01:30]} 25. Qd4+ {[%emt 0:04:04]} e5 {[%emt 0:00:21]} 26. Qxb2 {[%emt 0:00:29]} Qxc5 {[%emt 0:00:08]} 27. Rd1 {[%emt 0:00:12]} Qd6 {[%emt 0:01:08]} 28. Qb1 {[%emt 0:01:32]} f5 {[%emt 0:00:29]} 29. Qb5 {[%emt 0:01:41]} Rd8 {[%emt 0:01:21]} 30. gxf5 {[%emt 0:02:35]} gxf5 {[%emt 0:00:08]} 31. Kh2 {[%emt 0:00:04]} Kh6 {[%emt 0:01:55]} 32. Ra1 {[%emt 0:00:57]} Qxd5 {[%emt 0:01:42]} 33. Ra6+ {[%emt 0:00:12]} Kg7 {[%emt 0:00:58]} 34. Qb6 {[%emt 0:00:26]} Ra8 {[%emt 0:02:07]} 35. Qf6+ {[%emt 0:00:57]} Kg8 {[%emt 0:00:06]} 36. Rd6 {[%emt 0:00:34]} Qf7 {[%emt 0:00:14]} 37. Qxe5 {[%emt 0:00:15]} Re8 {[%emt 0:01:06]} 38. Qd4 {[%emt 0:00:42]} Qa2 {[%emt 0:02:22]} 39. Kg3 {[%emt 0:00:33]} f4+ {[%emt 0:00:47]} 40. exf4 {[%emt 0:00:25]} Qf7 {[%emt 0:00:04]} 41. Rd5 {[%emt 0:00:31]} h6 {[%emt 0:00:25]} 42. f5 {[%emt 0:00:32]} Qh5 {[%emt 0:00:22]} 43. Qd1 {[%emt 0:00:22]} Qxd1 {[%emt 0:01:29]} 44. Rxd1 {[%emt 0:00:01]} e3 {[%emt 0:00:12]} 45. fxe3 {[%emt 0:01:13]} Rxe3+ {[%emt 0:00:01]} 46. Kg4 {[%emt 0:00:03]} h5+ {[%emt 0:00:13]} 47. Kg5 {[%emt 0:00:41]} Rxh3 {[%emt 0:00:27]} 48. Kf6 {[%emt 0:00:42]} h4 {[%emt 0:00:32]} 49. Rd8+ {[%emt 0:00:31]} Kh7 {[%emt 0:00:06]} 50. Rd7+ {[%emt 0:00:26]} Kh6 {[%emt 0:00:20]} 51. Rd4 {[%emt 0:00:32]} Kh5 {[%emt 0:00:24]} 52. Kf7 {[%emt 0:00:31]} Rf3 {[%emt 0:00:24]} 53. f6 {[%emt 0:00:23]} h3 {[%emt 0:00:13]} 54. Rd5+ {[%emt 0:00:30]} Kg4 {[%emt 0:00:15]} 55. Kg6 {[%emt 0:00:22]} h2 {[%emt 0:00:40]} 56. Rg5+ {[%emt 0:00:24]} Kh3 {[%emt 0:00:13]} 57. Rh5+ {[%emt 0:00:32]} Kg2 {[%emt 0:00:10]} 58. Rxh2+ {[%emt 0:00:52]} 1/2-1/2

[Event "Icelandic Team-ch Premier 2021-22"]
[Site "Reykjavik"]
[Date "2022.03.06"]
[Round "10.23"]
[White "Jacobsen, Mikkel Manosri"]
[Black "Halldorsson, Jon Arni"]
[Result "1-0"]
[WhiteElo "2240"]
[BlackElo "2070"]
[Annotator "NA"]
[PlyCount "91"]
[EventDate "2022.03.05"]
[EventType "team-tourn"]
[EventCountry "ISL"]
[SourceTitle "playchess.com"]
[Source "ChessBase"]
[SourceQuality "1"]
[TimeControl "5400+30"]

1. d4 {[%emt 0:00:11]} d5 {[%emt 0:00:15]} 2. Nf3 {[%emt 0:00:09]} Nf6 {[%emt 0:00:08]} 3. c4 {[%emt 0:00:05]} c6 {[%emt 0:00:05]} 4. Qb3 {[%emt 0:02:56]} dxc4 {[%emt 0:00:41]} 5. Qxc4 {[%emt 0:00:02]} Bf5 {[%emt 0:00:09]} 6. Nc3 {[%emt 0:00:29]} e6 {[%emt 0:00:35]} 7. h3 {[%emt 0:05:21]} Nbd7 {[%emt 0:03:26]} 8. g4 {[%emt 0:03:10]} Bg6 {[%emt 0:00:17]} 9. Bg2 {[%emt 0:00:59]} Be7 {[%emt 0:00:48]} 10. Bg5 {[%emt 0:05:57]} Qb6 {[%emt 0:19:49]} 11. O-O-O {[%emt 0:10:44]} Qb4 {[%emt 0:02:09]} 12. Qxb4 {[%emt 0:02:11]} Bxb4 {[%emt 0:00:07]} 13. Nh4 {[%emt 0:00:20]} Nd5 {[%emt 0:06:28]} 14. Nxg6 {[%emt 0:02:17]} hxg6 {[%emt 0:00:08]} 15. Kc2 {[%emt 0:00:06]} Be7 {[%emt 0:04:20]} 16. Bc1 {[%emt 0:08:27]} g5 {[%emt 0:04:47]} 17. e3 {[%emt 0:00:38]} O-O-O {[%emt 0:08:10]} 18. a3 {[%emt 0:03:55]} Kb8 {[%emt 0:03:07]} 19. Ne2 {[%emt 0:02:39]} Bd6 {[%emt 0:10:41]} 20. e4 {[%emt 0:08:17]} Nf4 {[%emt 0:01:05]} 21. Bxf4 {[%emt 0:00:15]} Bxf4 {[%emt 0:00:13]} 22. h4 {[%emt 0:00:04]} f6 {[%emt 0:03:56]} 23. hxg5 {[%emt 0:02:16]} fxg5 {[%emt 0:06:55]} 24. e5 {[%emt 0:00:55]} c5 {[%emt 0:09:09]} 25. Nxf4 {[%emt 0:05:10]} gxf4 {[%emt 0:00:07]} 26. d5 {[%emt 0:00:14]} Rxh1 {[%emt 0:04:03]} 27. Bxh1 {[%emt 0:01:50]} Nxe5 {[%emt 0:00:14]} 28. Re1 {[%emt 0:01:05]} Nxg4 {[%emt 0:00:34]} 29. dxe6 {[%emt 0:00:28]} Re8 {[%emt 0:02:50]} 30. Kc3 {[%emt 0:09:22]} Re7 {[%emt 0:01:46]} 31. Kc4 {[%emt 0:01:25]} Nxf2 {[%emt 0:01:10]} 32. Kxc5 {[%emt 0:04:39]} Kc7 {[%emt 0:00:48]} 33. Kd5 {[%emt 0:00:43]} Ng4 {[%emt 0:03:53]} 34. Rc1+ {[%emt 0:03:26]} Kd8 {[%emt 0:00:06]} 35. Kd6 {[%emt 0:01:13]} Nh6 {[%emt 0:02:32]} 36. Be4 {[%emt 0:00:38]} f3 {[%emt 0:01:49]} 37. Bg6 {[%emt 0:01:07]} f2 {[%emt 0:00:58]} 38. Rf1 {[%emt 0:00:46]} Ng4 {[%emt 0:00:33]} 39. Bf5 {[%emt 0:00:15]} Ne3 {[%emt 0:00:38]} 40. Rxf2 {[%emt 0:00:01]} Nc4+ {[%emt 0:00:22]} 41. Kd5 {[%emt 0:00:57]} Ne3+ {[%emt 0:00:32]} 42. Ke4 {[%emt 0:00:45]} Nxf5 {[%emt 0:00:33]} 43. Kxf5 {[%emt 0:00:06]} Kc7 {[%emt 0:00:08]} 44. Ke5 {[%emt 0:00:07]} b6 {[%emt 0:00:55]} 45. Rf7 {[%emt 0:00:17]} Kd8 {[%emt 0:00:07]} 46. Kd6 {[%emt 0:00:04]} 1-0

[Event "Icelandic Team-ch Premier 2021-22"]
[Site "Reykjavik"]
[Date "2022.03.06"]
[Round "10.24"]
[White "Thorsteinsson, Erlingur"]
[Black "Johannesson, Ingvar Thor"]
[Result "1/2-1/2"]
[WhiteElo "2056"]
[BlackElo "2315"]
[Annotator "ChessBase"]
[PlyCount "136"]
[EventDate "2022.03.05"]
[EventType "team-tourn"]
[EventCountry "ISL"]
[SourceTitle "playchess.com"]
[Source "ChessBase"]
[SourceQuality "1"]
[TimeControl "5400+30"]

1. d4 {[%emt 0:03:55]} Nf6 {[%emt 0:02:12]} 2. c4 {[%emt 0:00:07]} c5 {[%emt 0:00:58]} 3. d5 {[%emt 0:00:07]} e6 {[%emt 0:00:17]} 4. Nc3 {[%emt 0:00:11]} exd5 {[%emt 0:00:07]} 5. cxd5 {[%emt 0:00:08]} d6 {[%emt 0:00:05]} 6. Nf3 {[%emt 0:00:45]} g6 {[%emt 0:00:09]} 7. Bf4 {[%emt 0:02:12]} a6 {[%emt 0:00:36]} 8. a4 {[%emt 0:00:07]} Bg7 {[%emt 0:00:05]} 9. h3 {[%emt 0:00:18]} O-O {[%emt 0:01:17]} 10. e3 {[%emt 0:00:28]} Qe7 {[%emt 0:00:49]} 11. Be2 {[%emt 0:00:38]} Nbd7 {[%emt 0:00:11]} 12. O-O {[%emt 0:00:13]} Ne8 {[%emt 0:00:31]} 13. Nd2 {[%emt 0:03:54]} Ne5 {[%emt 0:00:49]} 14. Nc4 {[%emt 0:10:40]} Nxc4 {[%emt 0:08:26]} 15. Bxc4 {[%emt 0:01:45]} Rb8 {[%emt 0:01:43]} 16. Qe2 {[%emt 0:08:07]} Nc7 {[%emt 0:05:47]} 17. Rfe1 {[%emt 0:04:55]} Bd7 {[%emt 0:06:09]} 18. a5 {[%emt 0:02:23]} b5 {[%emt 0:08:40]} 19. axb6 {[%emt 0:00:19]} Rxb6 {[%emt 0:12:08]} 20. e4 {[%emt 0:30:44]} Rfb8 {[%emt 0:07:36]} 21. Ra2 {[%emt 0:00:22]} Be5 {[%emt 0:01:05]} 22. Bxe5 {[%emt 0:01:25]} Qxe5 {[%emt 0:00:34]} 23. Qd2 {[%emt 0:01:31]} g5 {[%emt 0:10:46]} 24. Bf1 {[%emt 0:12:14]} Bb5 {[%emt 0:05:06]} 25. g3 {[%emt 0:03:07]} Bxf1 {[%emt 0:12:05]} 26. Kxf1 {[%emt 0:00:18]} Nb5 {[%emt 0:00:39]} 27. Nxb5 {[%emt 0:02:19]} Rxb5 {[%emt 0:00:06]} 28. Re2 {[%emt 0:00:10]} Rb3 {[%emt 0:04:57]} 29. Kg2 {[%emt 0:04:23]} R8b4 {[%emt 0:01:59]} 30. Kh2 {[%emt 0:00:28]} h6 {[%emt 0:00:24]} 31. f4 {[%emt 0:01:24]} gxf4 {[%emt 0:01:12]} 32. gxf4 {[%emt 0:00:06]} Qh5 {[%emt 0:00:17]} 33. Re3 {[%emt 0:01:32]} Rxe3 {[%emt 0:01:00]} 34. Qxe3 {[%emt 0:00:05]} Qd1 {[%emt 0:00:03]} 35. Qg1+ {[%emt 0:03:12]} Qxg1+ {[%emt 0:00:15]} 36. Kxg1 {[%emt 0:00:03]} Rxe4 {[%emt 0:02:01]} 37. Rxa6 {[%emt 0:00:13]} Rxf4 {[%emt 0:00:10]} 38. Rxd6 {[%emt 0:00:04]} Rd4 {[%emt 0:02:40]} 39. Rxh6 {[%emt 0:00:48]} Rxd5 {[%emt 0:00:30]} 40. Rc6 {[%emt 0:00:10]} Rf5 {[%emt 0:01:08]} 41. Kg2 {[%emt 0:00:12]} Kg7 {[%emt 0:00:04]} 42. Kg3 {[%emt 0:00:18]} f6 {[%emt 0:00:07]} 43. h4 {[%emt 0:00:55]} Kg6 {[%emt 0:02:22]} 44. Kg4 {[%emt 0:00:20]} Rd5 {[%emt 0:00:10]} 45. b3 {[%emt 0:01:27]} Rd4+ {[%emt 0:00:17]} 46. Kg3 {[%emt 0:00:06]} Rd3+ {[%emt 0:00:12]} 47. Kg4 {[%emt 0:00:12]} Rd5 {[%emt 0:00:26]} 48. Rc8 {[%emt 0:00:44]} Rd4+ {[%emt 0:02:02]} 49. Kg3 {[%emt 0:00:06]} Rd3+ {[%emt 0:00:04]} 50. Kg4 {[%emt 0:00:04]} Rxb3 {[%emt 0:00:14]} 51. Rxc5 {[%emt 0:00:07]} Rb4+ {[%emt 0:00:05]} 52. Kg3 {[%emt 0:00:08]} Rb3+ {[%emt 0:01:46]} 53. Kg4 {[%emt 0:00:05]} Rb4+ {[%emt 0:00:03]} 54. Kg3 {[%emt 0:00:06]} Rb6 {[%emt 0:00:01]} 55. Kg4 {[%emt 0:00:11]} Ra6 {[%emt 0:01:29]} 56. Rb5 {[%emt 0:00:11]} Ra1 {[%emt 0:00:41]} 57. Rc5 {[%emt 0:00:33]} Rg1+ {[%emt 0:00:11]} 58. Kf4 {[%emt 0:00:07]} Rh1 {[%emt 0:00:20]} 59. Kg3 {[%emt 0:02:01]} Rg1+ {[%emt 0:01:55]} 60. Kf4 {[%emt 0:00:02]} Rf1+ {[%emt 0:00:16]} 61. Kg3 {[%emt 0:00:45]} Rd1 {[%emt 0:01:02]} 62. Kf4 {[%emt 0:00:34]} Rd4+ {[%emt 0:00:12]} 63. Kg3 {[%emt 0:00:07]} f5 {[%emt 0:00:32]} 64. Ra5 {[%emt 0:01:07]} Rg4+ {[%emt 0:00:22]} 65. Kh3 {[%emt 0:00:05]} Rf4 {[%emt 0:00:25]} 66. Kg3 {[%emt 0:00:22]} Rg4+ {[%emt 0:00:26]} 67. Kh3 {[%emt 0:00:05]} Rf4 {[%emt 0:00:04]} 68. Kg3 {[%emt 0:00:05]} Rg4+ {[%emt 0:00:40]} 1/2-1/2